000 00470nam a22001697a 4500
003 OSt
005 20250423144959.0
008 250423b |||||||| |||| 00| 0 eng d
040 _cSBCL
082 _a005
_bHER-A
100 _aHergert,Douglas
245 _aThe ABC'S Of QuickC
260 _aSingapore
_bTech Publications
_c1989
300 _a309p.
650 _2Computer science, information & general works
_a Computer programming, programs & data
942 _cBOOK
999 _c136840
_d136840